| 000 | 00565nam a2200181Ia 4500 | ||
|---|---|---|---|
| 003 | GCL | ||
| 008 | 140319s9999 xx 000 0 ara d | ||
| 040 |
_aGCL / _cGCL |
||
| 082 | 0 | 4 |
_a792.015 _bس م |
| 100 | 1 | _aسمير عوض (تقديم) | |
| 245 | 1 | 0 |
_aالمسرح المصرى 1891 - 1895 / _cسمير عوض (تقديم) |
| 700 | 1 | _aسمير عوض | |
| 300 | _a154 ص | ||
| 490 |
_aسلسلة توثيق المسرح المصرى _v0 |
||
| 650 | 0 | 4 | _aالمسرح - تاريخ ونقد |
| 650 | 0 | 4 | _aالمسرح - تاريخ - مصر |
| 942 |
_2ddc _cBK |
||
| 999 |
_c50067 _d50067 |
||